Từ điển giải thích tiếng lóng Anh ngữ hiện đại

保存先:
書誌詳細
第一著者: Nguyễn Dương Khư
フォーマット: 図書
言語:English
出版事項: GD 2006
主題:
タグ: タグ追加
タグなし, このレコードへの初めてのタグを付けませんか!
Thư viện lưu trữ: Mạng thư viện Đại học Đà Nẵng
LEADER 01071cam a22003131a 4500
001 000033064
003 9196
005 20151021000000.0
008 151016s2006 000 eng
041 |a eng 
082 |a 423  |b NG-K 
100 |a Nguyễn Dương Khư 
245 |a Từ điển giải thích tiếng lóng Anh ngữ hiện đại  |c Nguyễn Dương Khư 
260 |a GD  |c 2006 
300 |a 519tr. : mh ; 20 cm 
650 |a Nguyễn Dương Khư, Từ điển, tiếng lóng, Anh ngữ, hiện đại, 2006 
852 |b Chuyên đề  |c Từ điền 1 
OWN |a LNN 
AVA |a UDN50  |b LNN  |d 423 NG-K  |e available  |t Error 5001 Not defined in file expand_doc_bib_avail.  |f 1  |g 0  |h N  |i 0  |k 1 
999 |a From the UDN01 
AVA |a UDN50  |b LNN  |d 423 NG-K  |e available  |t Error 5001 Not defined in file expand_doc_bib_avail.  |f 1  |g 0  |h N  |i 0  |k 1 
TYP |a Monograph 
980 |a Mạng thư viện Đại học Đà Nẵng